Catálogo
 En Linea

XLIV asamblea general ordinaria de delegados : (Registro nro. 50819)

Detalles MARC
000 -CABECERA
campo de control de longitud fija 01057nam a2200229 a 4500
003 - IDENTIFICADOR DEL NÚMERO DE CONTROL
campo de control DO-SdBNP
005 - FECHA Y HORA DE LA ÚLTIMA TRANSACCIÓN
campo de control 20220117112523.0
007 - CAMPO FIJO DE DESCRIPCIÓN FÍSICA--INFORMACIÓN GENERAL
campo de control de longitud fija ta
008 - DATOS DE LONGITUD FIJA--INFORMACIÓN GENERAL
campo de control de longitud fija 211027e2014 dr od|frt||| 001 0 spa d
040 ## - FUENTE DE LA CATALOGACIÓN
Centro catalogador/agencia de origen DO-SdBNP
Centro/agencia transcriptor spa
Centro/agencia modificador BNPHU
082 #4 - NÚMERO DE LA CLASIFICACIÓN DECIMAL DEWEY
Número de edición 22
Número de documento/Ítem C7c
111 2# - ENTRADA PRINCIPAL--NOMBRE DE CONGRESO/REUNIÓN
9 (RLIN) 58522
Nombre de congreso/reunión o jurisdicción como elemento de entrada Asamblea general ordinaria de delegados
Número del congreso/reunión o número de parte o sección (XLIV:
Fecha del congreso/reunión 2015:
Sede del congreso/Lugar de la reunión Juan Dolio, San Pedro de Macorís: República Dominicana)
245 10 - MENCIÓN DE TÍTULO
Título XLIV asamblea general ordinaria de delegados :
Resto del título informe correspondiente al año 2014 /
Mención de responsabilidad, etc. COOPNAMA
246 ## - FORMA VARIANTE DE TÍTULO
Título propio/Titulo breve Cuadragésimo cuarta asamblea general ordinaria de delegados :
Resto del título informe correspondiente al año 2014
260 ## - PUBLICACIÓN, DISTRIBUCIÓN, ETC.
Lugar de publicación, distribución, etc. Santo Domingo :
Nombre del editor, distribuidor, etc. Cooperativa Nacional de Servicios Múltiples de los Maestros,
Fecha de publicación, distribución, etc. 2015
300 ## - DESCRIPCIÓN FÍSICA
Extensión 128 p. :
Otras características físicas il., fot., graf. ;
Dimensiones 29 cm.
590 ## - NOTA LOCAL (RLIN)
Nota local Inventariado 2021 / MF
611 24 - PUNTO DE ACCESO ADICIONAL DE MATERIA--NOMBRE DE REUNIÓN/CONGRESO
9 (RLIN) 58522
Nombre de congreso/reunión o jurisdicción como elemento de entrada Asamblea general ordinaria
Sede del congreso/Lugar de la reunión (San Pedro de Macorís: República Dominicana
Fecha del congreso/reunión 2015)
710 2# - PUNTO DE ACCESO ADICIONAL--NOMBRE DE ENTIDAD CORPORATIVA
9 (RLIN) 74554
Nombre de entidad corporativa o nombre de jurisdicción como elemento de entrada Cooperativa Nacional de Servicios Múltiples de los Maestros (República Dominicana)
910 ## - DATOS DE OPCIÓN DEL USUARIO (OCLC)
Datos de opción del usuario MFéliz
942 ## - ELEMENTOS DE PUNTO DE ACCESO ADICIONAL (KOHA)
Fuente del sistema de clasificación o colocación Dewey Decimal Classification
Tipo de ítem Koha Libro
Existencias
Estado de retiro Estado de pérdida Fuente del sistema de clasificación o colocación Restricciones de uso No para préstamo Código de colección Localización permanente Ubicación/localización actual Ubicación en estantería Fecha de adquisición Total de préstamos Signatura topográfica completa Código de barras Fecha visto por última vez Precio válido a partir de Tipo de ítem Koha
    Dewey Decimal Classification Excluido de préstamo   Patrimonio Dominicano Biblioteca Nacional Pedro Henríquez Ureña Patrimonio Dominicano Depósito 27.10.2021   C7c 2021-27649 27.10.2021 27.10.2021 Libro y Folleto Colección Patrimonio Dominicano

Con tecnología Koha